| 000 | 02152cam a2200421 i 4500 | ||
|---|---|---|---|
| 001 | 1378516438 | ||
| 003 | OCoLC | ||
| 005 | 20240923182755.0 | ||
| 008 | 231227s2023 txu c 000 1 eng d | ||
| 020 |
_a9798986517339 _q(paperback) |
||
| 035 | _a(OCoLC)1378516438 | ||
| 040 |
_aIY5 _beng _erda _cIY5 _dOCLCF _dETC _dANK _dOCLCO _dIMD _dOCLCO _dOCLCL |
||
| 092 |
_ajunior fiction _bDekker |
||
| 100 | 1 |
_aDekker, Ted, _d1962- _eauthor. _9406 |
|
| 245 | 1 | 4 |
_aThe fall / _cTed Dekker & H. R. Hutzel. |
| 264 | 1 |
_aIrving, TX : _bScripturo, _c2023. |
|
| 300 |
_a212 pages ; _c21 cm. |
||
| 336 | _atext | ||
| 337 | _aunmediated | ||
| 338 | _avolume | ||
| 490 |
_aJourney to impossible places ; _vbook 1. |
||
| 500 | _aCover art and design by Manuel Preitano. | ||
| 520 | _a"Charlie is just an ordinary boy attending a special school in Montana where he feels like an outsider. He is hated by some and ignored by most. That all changes on a vacation to the Caribbean when the plane the students are flying on crashes on an island and vanishes without a trace. Cut off from the world and desperate to survive, the students must find a way to work together despite never ending conflict. But this is no ordinary island. It changes without warning. And it has a portal to another world called Lumina. So begins Charlie's heroic journey on which he will have to discover the truth of who he really is, if any of the students hope to survive." -- from teddekker.com. | ||
| 650 | 0 |
_aCastaways _vJuvenile fiction. _95771331 |
|
| 650 | 0 |
_aIslands _vJuvenile fiction. _95675668 |
|
| 650 | 0 |
_aAdventure stories _vJuvenile fiction. _95766234 |
|
| 655 | 0 | _aFantasy fiction. | |
| 655 | 0 | _aAction and adventure fiction. | |
| 655 | 7 |
_aAction and adventure fiction _2fast. |
|
| 655 | 7 |
_aFantasy fiction _2fast. |
|
| 655 | 7 |
_aFiction _2fast. _95673940 |
|
| 655 | 7 |
_aJuvenile works _2fast. _95673941 |
|
| 655 | 7 |
_aFantasy fiction. _2lcgft. |
|
| 655 | 7 |
_aAction and adventure fiction. _2lcgft. |
|
| 700 | 1 |
_aHutzel, H. R., _eauthor. _96493792 |
|
| 700 | 1 |
_aPreitano, Manuel, _eillustrator. _95814359 |
|
| 942 |
_2ddc _cBOOK |
||
| 999 |
_c400484 _d400484 |
||